[Event "Linares - Wimbledon of chess"]
[Site "SchemingMind.com"]
[Date "2009.12.01"]
[Round "-"]
[White "lame wolf"]
[Black "Naoki_M"]
[Result "0-1"]
[WhiteCountry "INT"]
[BlackCountry "JPN"]
[WhiteElo "1055"]
[WhiteRD "45"]
[BlackElo "1863"]
[BlackRD "118"]
[GameID "228891"]

1. c4 e6 2. Nc3 Bb4 3. b3 Nf6 4. Nb1 d5 5. Bb2 d4 6. Bxd4 Qxd4 7. Nc3 Bxc3 8. Rc1 Ne4 9. e3 Qf6 10. Qf3 Qxf3
11. Nxf3 Bf6 12. d3 Ng5 13. Be2 c5 14. Nxg5 Bxg5 15. O-O e5 16. f4 exf4 17. exf4 Bf6 18. g3 Nc6 19. a3 Nd4 20. Bd1 O-O
21. b4 b6 22. b5 Re8 23. Bf3 Nxf3+ 24. Rxf3 Bd4+ 25. Kf1 Bh3#
0-1

[Event "Linares - Wimbledon of chess"]
[Site "SchemingMind.com"]
[Date "2009.12.04"]
[Round "-"]
[White "muxman"]
[Black "somar96"]
[Result "0-1"]
[WhiteCountry "ITA"]
[BlackCountry "POL"]
[WhiteElo "1700"]
[WhiteRD "87"]
[BlackElo "1890"]
[BlackRD "56"]
[GameID "229396"]

1. e4 d5 2. exd5 Qxd5 3. Nc3 Qd6 4. Be2 Nf6 5. Nf3 c6 6. O-O Bg4 7. Ng5 Bxe2 8. Qxe2 e6 9. d3 Nbd7 10. Be3 h6
11. Nce4 Nxe4 12. Nxe4 Qc7 13. a3 Be7 14. b4 O-O 15. d4 Nf6 16. Ng3 Bd6 17. Qf3 Bxg3 18. fxg3 Nd5 19. Qf2 Rad8 20. c4 Ne7
21. g4 a6 22. Rac1 Qd7 23. h3 b5 24. c5 Nd5 25. Bd2 Qe7 26. Qg3 Rd7 27. g5 hxg5 28. Bxg5 f6 29. Bd2 Re8 30. Rce1 Qf7
31. Re2 Qh5 32. Ref2 Kf7 33. Rf3 Qg6 34. Qxg6+ Kxg6 35. Kh2 e5 36. dxe5 Rxe5 37. Rd1 Ne7
0-1

[Event "Linares - Wimbledon of chess"]
[Site "SchemingMind.com"]
[Date "2009.12.04"]
[Round "-"]
[White "somar96"]
[Black "muxman"]
[Result "1-0"]
[WhiteCountry "POL"]
[BlackCountry "ITA"]
[WhiteElo "1914"]
[WhiteRD "62"]
[BlackElo "1530"]
[BlackRD "141"]
[GameID "229400"]

1. e4 c5 2. Nf3 d6 3. d4 cxd4 4. Nxd4 Nf6 5. Nc3 a6 6. h3 e5 7. Nde2 Be7 8. g4 O-O 9. Bg2 Nc6 10. O-O b5
11. Ng3 Nd4 12. Be3 Ne6 13. Nf5 Ne8 14. Nd5 Bf6 15. c3 Bb7 16. Qd2 Bxd5 17. exd5 N6c7 18. Rad1 h6 19. f4 exf4 20. Bxf4 Bg5
21. Rde1 Rb8 22. Bxg5 Qxg5 23. Qxg5 hxg5 24. Ne7+ Kh8 25. Ng6+
1-0

[Event "Linares - Wimbledon of chess"]
[Site "SchemingMind.com"]
[Date "2009.12.05"]
[Round "-"]
[White "Uzi Mike"]
[Black "XTC"]
[Result "1-0"]
[WhiteCountry "USA"]
[BlackCountry "COL"]
[WhiteElo "2185"]
[WhiteRD "81"]
[BlackElo "1818"]
[BlackRD "48"]
[GameID "229539"]

1. d4 d5 2. c4 e6 3. Nc3 Nf6 4. cxd5 exd5 5. Bg5 Be7 6. e3 c6 7. Bd3 Nbd7 8. Nf3 Ne4 9. Bxe7 Qxe7 10. Qc2 f5
11. O-O O-O 12. Rae1 a6 13. Ne2 Qd6 14. Rc1 a5 15. Rfe1 Ndf6 16. h3 h6 17. Ne5 Qc7 18. h4 Re8 19. f3 Nd6 20. Nf4 a4
21. h5 Bd7 22. g3 Reb8 23. Kg2 Rc8 24. Qc3 Be8 25. Rh1 Qa5 26. Qc2 Bf7 27. Rcd1 Qb4 28. Kg1
1-0

[Event "Linares - Wimbledon of chess"]
[Site "SchemingMind.com"]
[Date "2009.12.05"]
[Round "-"]
[White "XTC"]
[Black "Uzi Mike"]
[Result "0-1"]
[WhiteCountry "COL"]
[BlackCountry "USA"]
[WhiteElo "1818"]
[WhiteRD "48"]
[BlackElo "2185"]
[BlackRD "81"]
[GameID "229545"]

1. e4 e5 2. Nf3 Nc6 3. Bc4 Bc5 4. c3 Nf6 5. d4 exd4 6. cxd4 Bb4+ 7. Nc3 Nxe4 8. O-O Bxc3 9. bxc3 d5 10. Bd3 O-O
11. Qb3 b6 12. h3 Bf5 13. Rd1 Re8 14. Be3 Na5 15. Qc2 Qf6 16. Ne5 Nd6 17. Bxf5 Qxf5 18. Qxf5 Nxf5 19. Bf4 f6 20. Nd3 c6
21. Re1 Rac8 22. Nb4 Kf7 23. Kf1 Nc4 24. Rxe8 Kxe8 25. Re1+ Kd7 26. Na6 Nfd6 27. Bxd6 Kxd6 28. Re2 c5
0-1

[Event "Linares - Wimbledon of chess"]
[Site "SchemingMind.com"]
[Date "2009.12.12"]
[Round "-"]
[White "David Hartley"]
[Black "jtrochez1"]
[Result "1-0"]
[WhiteCountry "ENG"]
[BlackCountry "HON"]
[WhiteElo "1845"]
[WhiteRD "65"]
[BlackElo "1547"]
[BlackRD "52"]
[GameID "230073"]

1. c4 Nc6 2. d4 d5 3. Nf3 e6 4. Nc3 h6 5. a3 Nge7 6. e3 a6 7. Be2 Ng6 8. O-O Be7 9. Bd2 O-O 10. cxd5 exd5
11. Qb3 Na5 12. Qxd5 Qxd5 13. Nxd5 Nb3 14. Rad1 Nxd2 15. Nxd2 Bd6 16. Nc4 Be6 17. Nxd6 cxd6 18. Nc7 Rac8 19. Rc1 Rfd8 20. Bh5 Bf5
21. Nd5 Rxc1 22. Rxc1 Kf8 23. Nb6 Ne7 24. Bf3 d5 25. Rc7 Be4 26. Bxe4 dxe4 27. Rxb7 Nc6 28. Rd7 Rxd7 29. Nxd7+ Ke7 30. Nc5 a5
31. Nxe4 Kd7 32. Kf1 Ke7 33. Ke2 Nd8 34. Nd2 a4 35. Nc4
1-0

[Event "Linares - Wimbledon of chess"]
[Site "SchemingMind.com"]
[Date "2009.12.08"]
[Round "-"]
[White "Clive Everill"]
[Black "reo"]
[Result "1/2-1/2"]
[WhiteCountry "CZE"]
[BlackCountry "THA"]
[WhiteElo "1709"]
[WhiteRD "47"]
[BlackElo "1800"]
[BlackRD "79"]
[GameID "230074"]

1. e4 c5 2. c3 Nc6 3. d4 cxd4 4. cxd4 d5 5. exd5 Qxd5 6. Nf3 Nf6 7. Nc3 Qd8 8. d5 Nb8 9. Bc4 g6 10. O-O Bg7
11. Re1 O-O 12. Ne5 Nfd7 13. Bf4 Nxe5 14. Bxe5 Bxe5 15. Rxe5 Nd7 16. Re3 a6 17. Qf3 Nf6 18. Rae1 Re8 19. h3 Qd6 20. Qe2 Kf8
21. Ne4 Nxe4 22. Rxe4 b5 23. Bb3 Bb7 24. Rd1 Rac8 25. Qe3 Qf6 26. Qh6+ Qg7 27. Qe3 Rcd8 28. Qb6 Rd7 29. Red4 Qe5 30. d6 exd6
31. Rxd6 Rxd6 32. Qxd6+ Qxd6 33. Rxd6 Re1+ 34. Kh2 Re2 35. Rd7 Be4 36. Rxf7+ Ke8 37. Rf4 Bb1 38. Bg8 Rxb2 39. Bxh7 Rxa2 40. Rb4 Bf5
41. Kg3 Kf7 42. Kf4 Kg7 43. Bxg6 Kxg6 44. g4 Ra4 45. gxf5+ Kf6 46. Re4 Rxe4+ 47. Kxe4 a5 48. Kd4 a4 49. Kc3 Kxf5 50. Kb4 Kf4
51. Ka3 Kg5 52. f3 Kf6 53. Kb4 Kg5=
1/2-1/2

[Event "Linares - Wimbledon of chess"]
[Site "SchemingMind.com"]
[Date "2009.12.09"]
[Round "-"]
[White "andy146"]
[Black "nosni1"]
[Result "1-0"]
[WhiteCountry "POL"]
[BlackCountry "USA"]
[WhiteElo "1804"]
[WhiteRD "74"]
[BlackElo "1330"]
[BlackRD "175"]
[GameID "230075"]

1. d4 Nf6 2. c4 d5 3. cxd5 Qxd5 4. Nc3 Qc6 5. e3 b5 6. Bxb5 a5 7. Bxc6+ Nxc6 8. Nb5 Nd5 9. e4 Ba6 10. exd5 Nb4
11. Nxc7+ Kd7 12. Nxa8 Nxd5 13. Qa4+ Ke6 14. Qc6+
1-0

[Event "Linares - Wimbledon of chess"]
[Site "SchemingMind.com"]
[Date "2009.12.08"]
[Round "-"]
[White "maro"]
[Black "simon_w"]
[Result "0-1"]
[WhiteCountry "MEX"]
[BlackCountry "IRL"]
[WhiteElo "1308"]
[WhiteRD "54"]
[BlackElo "1933"]
[BlackRD "74"]
[GameID "230076"]

1. c4 Nf6 2. d4 g6 3. g3 Bg7 4. Bg2 d5 5. c5 Nc6 6. e3 O-O 7. Nf3 Bf5 8. O-O Re8 9. Nh4 Bd7 10. Nc3 e6
11. e4 dxe4 12. Nxe4 Nxe4 13. Bxe4 Rb8 14. a3 Nxd4 15. Bh6 Bxh6 16. Qxd4 Bg7 17. Qd2 Bb5 18. Qxd8 Rexd8 19. Rfe1 Bc6 20. Bxc6 bxc6
21. b4 Bxa1
0-1

[Event "Linares - Wimbledon of chess"]
[Site "SchemingMind.com"]
[Date "2009.12.11"]
[Round "-"]
[White "jtrochez1"]
[Black "David Hartley"]
[Result "0-1"]
[WhiteCountry "HON"]
[BlackCountry "ENG"]
[WhiteElo "1547"]
[WhiteRD "52"]
[BlackElo "1845"]
[BlackRD "65"]
[GameID "230086"]

1. e4 e5 2. Nf3 Nc6 3. d4 exd4 4. Nxd4 Bc5 5. c3 Qf6 6. Be3 Nge7 7. Qf3 Qxf3 8. Nxf3 Bxe3 9. fxe3 Ng6 10. Nbd2 Nce5
11. O-O-O O-O 12. Nxe5 Nxe5 13. Be2 d6 14. h3 Bd7 15. Nc4 Rfe8 16. Nxe5 Rxe5 17. Bf3 Bc6 18. Rhe1 Bxe4 19. Bxe4 Rxe4 20. Rd4 Rae8
21. Kd2 R4e5 22. b4 Kf8 23. Re2 R8e6 24. a4 b6 25. b5 Rf5 26. Rf4 Rxf4 27. exf4 Ke7 28. Rxe6+ Kxe6 29. Kd3 Kd5 30. g4 f6
31. h4 g6 32. Ke3 Kc4 33. Kd2 Kb3 34. Kd3 Kxa4 35. c4 Ka5 36. Kc3 a6 37. bxa6 Kxa6 38. h5 b5 39. cxb5+ Kxb5 40. Kd4 c5+
41. Kc3 d5
0-1

[Event "Linares - Wimbledon of chess"]
[Site "SchemingMind.com"]
[Date "2009.12.08"]
[Round "-"]
[White "reo"]
[Black "Clive Everill"]
[Result "0-1"]
[WhiteCountry "THA"]
[BlackCountry "CZE"]
[WhiteElo "1800"]
[WhiteRD "79"]
[BlackElo "1709"]
[BlackRD "47"]
[GameID "230087"]

1. e4 a6 2. d4 b5 3. f4 Bb7 4. Bd3 e6 5. Nf3 c5 6. dxc5 Bxc5 7. Qe2 Ne7 8. Nc3 O-O 9. Be3 Bb4 10. Bd2 d5
11. a3 Ba5 12. Na2 Bxd2+ 13. Nxd2 Nbc6 14. O-O Qb6+ 15. Kh1 d4 16. e5 Nd5 17. Rf3 Nce7 18. Rh3 g6 19. Rf1 Nf5 20. c4 Nde3
21. Rf2 Rfc8 22. b3 bxc4 23. bxc4 Qb2 24. Nb1 Qxe2 25. Rxe2 Nxc4 26. Be4 Bxe4 27. Rxe4 Nce3 28. g4 Nxg4 29. Re2 Rab8 30. Nd2 Rc2
31. Nb4 Rc1+ 32. Kg2 a5 33. Nd3 Rc3 34. Nf2 Nge3+ 35. Kf3 Nd5+ 36. Kg2 Rxh3 37. Kxh3 Nxf4+
0-1

[Event "Linares - Wimbledon of chess"]
[Site "SchemingMind.com"]
[Date "2009.12.08"]
[Round "-"]
[White "nosni1"]
[Black "andy146"]
[Result "0-1"]
[WhiteCountry "USA"]
[BlackCountry "POL"]
[WhiteElo "1330"]
[WhiteRD "175"]
[BlackElo "1804"]
[BlackRD "74"]
[GameID "230088"]

1. e4 e5 2. Nf3 Nf6 3. Bc4 Nxe4 4. d3 Nf6 5. Nxe5 d5 6. Bb3 Bd6 7. d4 c5 8. Bg5 Nc6 9. Bxf6 Qxf6 10. Nxc6 bxc6
11. a4 Ba6 12. Nc3 O-O 13. g4 Rfe8+ 14. Ne2 Bxe2 15. Qd2 Qf3 16. Rg1 Bd3+
0-1

[Event "Linares - Wimbledon of chess"]
[Site "SchemingMind.com"]
[Date "2009.12.08"]
[Round "-"]
[White "simon_w"]
[Black "maro"]
[Result "1-0"]
[WhiteCountry "IRL"]
[BlackCountry "MEX"]
[WhiteElo "1909"]
[WhiteRD "75"]
[BlackElo "1277"]
[BlackRD "51"]
[GameID "230089"]

1. e4 e5 2. Nf3 Nf6 3. Nxe5 Nxe4 4. Qe2 Qe7 5. Qxe4 d6 6. d4 dxe5 7. dxe5 g6 8. Nc3 c6 9. Bd3 Bf5 10. Qe2 Bxd3
11. cxd3 Qe6 12. O-O Bc5 13. Be3 Bxe3 14. Qxe3 O-O 15. Rfe1 Nd7 16. d4 Rfe8 17. Ne4
1-0

[Event "Linares - Wimbledon of chess"]
[Site "SchemingMind.com"]
[Date "2009.12.10"]
[Round "-"]
[White "Kenny Elliott"]
[Black "Aamaroun"]
[Result "1-0"]
[WhiteCountry "USA"]
[BlackCountry "CZE"]
[WhiteElo "1583"]
[WhiteRD "77"]
[BlackElo "1356"]
[BlackRD "85"]
[GameID "230257"]

1. d4 d5 2. c4 c6 3. Nf3 g6 4. e3 Bg7 5. Nc3 e6 6. Qb3 Ne7 7. Be2 a6 8. O-O Nd7 9. cxd5 Nxd5 10. e4 Nf4
11. Bxf4 O-O 12. Bc4 Nb6 13. Rad1 Bxd4 14. Nxd4
1-0

[Event "Linares - Wimbledon of chess"]
[Site "SchemingMind.com"]
[Date "2009.12.10"]
[Round "-"]
[White "Jochen"]
[Black "Teagy"]
[Result "0-1"]
[WhiteCountry "GBR"]
[BlackCountry "ENG"]
[WhiteElo "1362"]
[WhiteRD "76"]
[BlackElo "1839"]
[BlackRD "77"]
[GameID "230258"]

1. Nf3 f5 2. e3 Nf6 3. Nc3 g6 4. Bb5 c6 5. Be2 Bg7 6. O-O O-O 7. b3 Qe8 8. Bb2 d5 9. d4 e5 10. Ba3 Rf7
11. Nxe5 Re7 12. Bxe7 Qxe7 13. a3 Nbd7 14. Na4 Nxe5 15. dxe5 Qxe5 16. Rb1 Bd7 17. Nc5 b6 18. Nd3 Qd6 19. Nf4 g5 20. Nh5 Rf8
21. c4 Ne4 22. Qc2 f4 23. exf4 Bf5 24. Rbd1 Ng3 25. fxg3 Bxc2 26. Rd2 Bxb3 27. Rb2 Bxc4 28. Rc2 Bxe2 29. Rxe2 gxf4 30. Nxf4 Qxa3
31. Rfe1 a5 32. Ne6 Re8 33. Nf4 Rxe2 34. Nxe2 Qe3+ 35. Kf1 a4 36. h4 a3 37. Nf4 Qxe1+ 38. Kxe1 a2 39. g4 a1=Q+ 40. Ke2 Qe5+
41. Kf3 Qe4+ 42. Kg3 Be5 43. h5 Qxf4+ 44. Kh4 h6 45. Kh3 Qg3#
0-1

[Event "Linares - Wimbledon of chess"]
[Site "SchemingMind.com"]
[Date "2009.12.10"]
[Round "-"]
[White "Aamaroun"]
[Black "Kenny Elliott"]
[Result "0-1"]
[WhiteCountry "CZE"]
[BlackCountry "USA"]
[WhiteElo "1356"]
[WhiteRD "85"]
[BlackElo "1583"]
[BlackRD "77"]
[GameID "230265"]

1. e4 c5 2. Bc4 d6 3. d3 Nc6 4. h3 e5 5. Nf3 Nf6 6. Ng5 d5 7. Bb3 Be7 8. Qf3 Nd4 9. Qd1 Nxb3 10. axb3 Nxe4
11. dxe4 Bxg5 12. Bxg5 Qxg5 13. Qf3 d4 14. Nd2 O-O
0-1

[Event "Linares - Wimbledon of chess"]
[Site "SchemingMind.com"]
[Date "2009.12.11"]
[Round "-"]
[White "Teagy"]
[Black "Jochen"]
[Result "1-0"]
[WhiteCountry "ENG"]
[BlackCountry "GBR"]
[WhiteElo "1826"]
[WhiteRD "84"]
[BlackElo "1363"]
[BlackRD "81"]
[GameID "230266"]

1. e4 Nc6 2. Nf3 Nf6 3. Bc4 Nxe4 4. Nc3 Nxc3 5. dxc3 e6 6. O-O Be7 7. Bf4 O-O 8. Re1 d6 9. Bg3 Bf6 10. h4 b6
11. h5 Na5 12. Bd3 Nc6 13. Qe2 h6 14. Qe4 Qd7 15. Qh7#
1-0

[Event "Linares - Wimbledon of chess"]
[Site "SchemingMind.com"]
[Date "2009.12.09"]
[Round "-"]
[White "tumapetr1953"]
[Black "Number34"]
[Result "0-1"]
[WhiteCountry "CZE"]
[BlackCountry "USA"]
[WhiteElo "1521"]
[WhiteRD "95"]
[BlackElo "2087"]
[BlackRD "108"]
[GameID "230267"]

1. e4 c5 2. c4 Nc6 3. Ne2 g6 4. d4 cxd4 5. Nxd4 Bg7 6. Be3 Nf6 7. Nc3 d6 8. Bd3 Ng4 9. Nxc6 bxc6 10. O-O Be5
11. Bg5 Bxh2+ 12. Kh1 Qa5 13. Qd2 h6 14. Bh4 Qh5 15. g3 g5 16. f3 Bxg3
0-1

[Event "Linares - Wimbledon of chess"]
[Site "SchemingMind.com"]
[Date "2009.12.11"]
[Round "-"]
[White "lemme howdt"]
[Black "Frenchy"]
[Result "0-1"]
[WhiteCountry "USA"]
[BlackCountry "CAN"]
[WhiteElo "1635"]
[WhiteRD "99"]
[BlackElo "1959"]
[BlackRD "94"]
[GameID "230539"]

1. e4 c5 2. Nf3 Nc6 3. Bb5 g6 4. c3 Bg7 5. d3 Nf6 6. Bg5 O-O 7. h3 a6 8. Bxc6 dxc6 9. O-O Qc7 10. g3 Bxh3
11. Re1 Bg4 12. Nbd2 Rad8 13. Qc2 Nh5 14. Re2 h6 15. Be3 Bxf3 16. Nxf3 Nxg3 17. fxg3 Qxg3+ 18. Rg2 Qxf3 19. Qf2 Qxf2+ 20. Bxf2 Rxd3
21. Bxc5 Re8 22. Rf1 Be5 23. Rgf2 f6 24. Rg2 Kf7 25. a4 Red8 26. Bb6 R8d7 27. Kh1 Rh3+ 28. Kg1 Rg3 29. Rxg3 Bxg3 30. Rf3 Be5
31. Rh3 h5 32. b4 Kg7 33. Bc5 Kh6 34. Kf2 g5 35. Ke2 g4 36. Rh1 Bxc3 37. Rd1 Rxd1 38. Kxd1 e6 39. Kc2 Be5 40. Kd3 f5
41. exf5 exf5
0-1

[Event "Linares - Wimbledon of chess"]
[Site "SchemingMind.com"]
[Date "2009.12.11"]
[Round "-"]
[White "klagefall"]
[Black "Wojciech  Langer"]
[Result "1/2-1/2"]
[WhiteCountry "GER"]
[BlackCountry "INT"]
[WhiteElo "2050"]
[WhiteRD "70"]
[BlackElo "1653"]
[BlackRD "83"]
[GameID "230540"]

1. d4 d5 2. c4 e6 3. Nf3 Nf6 4. Bg5 Be7 5. e3 O-O 6. Nc3 Nc6 7. Rc1 Ne4 8. Bxe7 Nxe7 9. Bd3 Nxc3 10. Rxc3 b6
11. O-O Bb7 12. cxd5 Bxd5 13. Qc2 Bxf3 14. gxf3 Nd5 15. Rc4 f5 16. Kh1 Rf6 17. Rg1 Rh6 18. f4 Qh4 19. Rg2 Rc8 20. Qd1 Qh3
21. Qg1 g6 22. Rg3 Qh5 23. a3 a5 24. Rc2 Qh4 25. Bf1 Qd8 26. Ba6 Ra8 27. Be2 Qe7 28. Bf3 Rd8 29. Bxd5=
1/2-1/2

[Event "Linares - Wimbledon of chess"]
[Site "SchemingMind.com"]
[Date "2009.12.11"]
[Round "-"]
[White "BigDaddy"]
[Black "An old friend"]
[Result "0-1"]
[WhiteCountry "AUT"]
[BlackCountry "ENG"]
[WhiteElo "1331"]
[WhiteRD "51"]
[BlackElo "1906"]
[BlackRD "92"]
[GameID "230541"]

1. e4 e5 2. Nf3 Nc6 3. Bc4 Nf6 4. Ng5 d5 5. exd5 Na5 6. d3 h6 7. Nf3 e4 8. Qe2 Nxc4 9. dxc4 Bc5 10. O-O O-O
11. Be3 exf3 12. Qxf3 Bxe3 13. Qxe3 Qd6 14. g3 Bh3 15. Re1 Rfe8 16. Qd2 Rxe1+ 17. Qxe1 Re8 18. Qd2 Qe5 19. c3 Qe1+ 20. Qxe1 Rxe1#
0-1

[Event "Linares - Wimbledon of chess"]
[Site "SchemingMind.com"]
[Date "2009.12.11"]
[Round "-"]
[White "Frenchy"]
[Black "lemme howdt"]
[Result "1-0"]
[WhiteCountry "CAN"]
[BlackCountry "USA"]
[WhiteElo "1790"]
[WhiteRD "135"]
[BlackElo "1663"]
[BlackRD "98"]
[GameID "230544"]

1. e4 e5 2. Nf3 Nc6 3. d4 exd4 4. Nxd4 Nf6 5. Nxc6 dxc6 6. Qxd8+ Kxd8 7. Bg5 Be7 8. Nc3 h6 9. O-O-O+ Bd7 10. Bh4 Ng4
11. Bg3 Bf6 12. Ne2 Ke7 13. h3 Ne5 14. f4 Nc4 15. e5 Bg5 16. fxg5 hxg5 17. Nc3 Bf5 18. Bxc4
1-0

[Event "Linares - Wimbledon of chess"]
[Site "SchemingMind.com"]
[Date "2009.12.11"]
[Round "-"]
[White "Wojciech  Langer"]
[Black "klagefall"]
[Result "0-1"]
[WhiteCountry "INT"]
[BlackCountry "GER"]
[WhiteElo "1653"]
[WhiteRD "83"]
[BlackElo "2050"]
[BlackRD "70"]
[GameID "230545"]

1. e4 e5 2. Nf3 Nc6 3. Bb5 a6 4. Ba4 Nf6 5. Nc3 b5 6. Bb3 Bc5 7. O-O O-O 8. d3 h6 9. h3 d6 10. Bxh6 gxh6
11. Nh4 Nd4 12. Nf5 Nxf5 13. exf5 Bxf5 14. Qd2 Kg7 15. Ne2 Bg6 16. d4 Ne4 17. Qd1 exd4 18. Nxd4 Bxd4 19. Qxd4+ Qf6 20. Qxf6+ Nxf6
21. Rfe1 Rfe8 22. c3 Rxe1+ 23. Rxe1 Re8
0-1

[Event "Linares - Wimbledon of chess"]
[Site "SchemingMind.com"]
[Date "2009.12.11"]
[Round "-"]
[White "An old friend"]
[Black "BigDaddy"]
[Result "1-0"]
[WhiteCountry "ENG"]
[BlackCountry "AUT"]
[WhiteElo "1906"]
[WhiteRD "92"]
[BlackElo "1331"]
[BlackRD "51"]
[GameID "230546"]

1. f3 e5 2. Kf2 d5 3. e3 Nf6 4. d4 Bd6 5. c4 Be6 6. c5 Be7 7. g3 Nc6 8. Bg2 O-O 9. Nc3 b6 10. cxb6 cxb6
11. Nge2 Bb4 12. dxe5 Nxe5 13. Rf1 Bxc3 14. Nxc3 Nc6 15. f4 Ng4+ 16. Kg1 d4 17. Bxc6 Rb8 18. exd4 Qd6 19. Bf3 Nf6 20. Ne4 Nxe4
21. Bxe4 Bd5 22. Bxd5 Qxd5 23. Be3 Rbe8 24. Bf2 Qb5 25. b3 Qe2 26. Qxe2 Rxe2 27. Rfe1 Rfe8 28. Rxe2 Rxe2 29. Re1 Rxe1+ 30. Bxe1 f5
31. d5 Kf7 32. d6 Ke6 33. Bb4 g6 34. h3 h5 35. Kf2 a5 36. Ba3 b5 37. Bc5 b4 38. Kf3 Kd5 39. d7 Kxc5 40. d8=Q Kb5
41. Qc7 a4 42. Ke3 a3 43. Kd4 Ka6 44. Kc5 g5 45. Qb6#
1-0

[Event "Linares - Wimbledon of chess"]
[Site "SchemingMind.com"]
[Date "2009.12.13"]
[Round "-"]
[White "lemmie"]
[Black "Midlander"]
[Result "0-1"]
[WhiteCountry "NED"]
[BlackCountry "ENG"]
[WhiteElo "1630"]
[WhiteRD "48"]
[BlackElo "2226"]
[BlackRD "75"]
[GameID "230660"]

1. e4 c5 2. Nf3 Nc6 3. d4 cxd4 4. Nxd4 Nf6 5. Nxc6 bxc6 6. Nc3 e5 7. Bd3 Bb4 8. Bd2 O-O 9. a3 Bc5 10. O-O d5
11. exd5 cxd5 12. Be2 Bf5 13. Bg5 d4 14. Bxf6 Qxf6 15. Nd5 Qd6 16. Nb4 Bxb4 17. axb4 Qxb4 18. b3 Qc3 19. Rc1 a5 20. Bd3 e4
21. Bc4 a4 22. Bd5 Ra5 23. Bc4 a3 24. Ra1 d3 25. cxd3 exd3 26. h3 d2 27. Qf3 Qxf3 28. gxf3 Rd8 29. Be2 Bxh3 30. Rfd1 Re5
31. Bc4 Bf5 32. f4 Re7 33. Kf1 Bg4
0-1

[Event "Linares - Wimbledon of chess"]
[Site "SchemingMind.com"]
[Date "2009.12.12"]
[Round "-"]
[White "Midlander"]
[Black "lemmie"]
[Result "1-0"]
[WhiteCountry "ENG"]
[BlackCountry "NED"]
[WhiteElo "2226"]
[WhiteRD "75"]
[BlackElo "1630"]
[BlackRD "48"]
[GameID "230666"]

1. e4 e5 2. Nf3 Nc6 3. Bb5 Nge7 4. O-O a6 5. Ba4 b5 6. Bb3 h6 7. c3 Bb7 8. d4 d6 9. dxe5 dxe5 10. a4 Ng6
11. Bd5 Rb8 12. axb5 axb5 13. Qb3 Qf6 14. Qxb5 Ne7 15. Nxe5 Nxd5 16. Ng4 Qg6 17. exd5 Bc8 18. Qe2+ Ne7 19. Ne5 Qf6 20. Nc6 Rb6
21. Ra8 Rxc6 22. Rxc8+ Kd7 23. dxc6+ Kxc8 24. Qa6+ Kd8 25. Rd1+ Ke8 26. Qa8+ Nc8 27. Qxc8+
1-0

[Event "Linares - Wimbledon of chess"]
[Site "SchemingMind.com"]
[Date "2009.12.18"]
[Round "-"]
[White "bartleby en passant"]
[Black "Gammon"]
[Result "0-1"]
[WhiteCountry "IRL"]
[BlackCountry "USA"]
[WhiteElo "1593"]
[WhiteRD "78"]
[BlackElo "1429"]
[BlackRD "52"]
[GameID "230783"]

1. e4 e6 2. d4 d5 3. e5 c5 4. c3 Nc6 5. Bb5 Bd7 6. a3 cxd4 7. Bxc6 Bxc6 8. cxd4 f6 9. exf6 Nxf6 10. Bg5 Be7
11. Bxf6 Bxf6 12. Nf3 O-O 13. O-O Qc7 14. Nc3 Rad8 15. Qd3 e5 16. dxe5 Bxe5 17. Nxe5 Qxe5 18. Rae1 Qf6 19. Re3 d4 20. Qc4+ Rf7
21. Re6 Qf5 22. Rxc6 bxc6 23. Rd1 h6 24. Rxd4 Rxd4 25. Qxd4 Qe6 26. Ne4 Rd7 27. Qa4 Qe5 28. Qb3+ Kh8
0-1

[Event "Linares - Wimbledon of chess"]
[Site "SchemingMind.com"]
[Date "2009.12.18"]
[Round "-"]
[White "Gammon"]
[Black "bartleby en passant"]
[Result "0-1"]
[WhiteCountry "USA"]
[BlackCountry "IRL"]
[WhiteElo "1429"]
[WhiteRD "52"]
[BlackElo "1593"]
[BlackRD "78"]
[GameID "230788"]

1. d4 d5 2. c4 dxc4 3. e3 Bf5 4. Bxc4 e6 5. Nf3 Bb4+ 6. Bd2 Bxd2+ 7. Nbxd2 Nf6 8. Qb3 b6 9. Ne5 O-O 10. O-O Nbd7
11. Nc6 Qe8 12. f3 Nd5 13. Bxd5 exd5 14. e4 dxe4 15. fxe4 Bxe4 16. Rae1 Nf6 17. Qc4 Qxc6 18. Rxe4 Qxc4 19. Nxc4 Nxe4
0-1

[Event "Linares - Wimbledon of chess"]
[Site "SchemingMind.com"]
[Date "2009.12.19"]
[Round "-"]
[White "An old friend"]
[Black "Number34"]
[Result "0-1"]
[WhiteCountry "ENG"]
[BlackCountry "USA"]
[WhiteElo "1926"]
[WhiteRD "82"]
[BlackElo "2229"]
[BlackRD "72"]
[GameID "231591"]

1. e4 c5 2. Nc3 Nc6 3. g3 Nf6 4. Bg2 g6 5. d3 Bg7 6. Be3 d6 7. h3 O-O 8. f4 Be6 9. Nge2 d5 10. e5 d4
11. exf6 Bxf6 12. Bf2 dxc3 13. Nxc3 Qa5 14. Qd2 c4 15. O-O Rfd8 16. Rfd1 Rac8 17. a3 b6 18. Qe1 Nd4 19. Bxd4 Bxd4+ 20. Kh2 Bxc3
21. Qxc3 Qxc3 22. bxc3 cxd3 23. cxd3 Rxc3 24. d4 Rc2 25. Kg1 Bd5 26. Bxd5 Rxd5 27. Kf1 Rc3 28. Kf2 Rb5
0-1

[Event "Linares - Wimbledon of chess"]
[Site "SchemingMind.com"]
[Date "2009.12.19"]
[Round "-"]
[White "Number34"]
[Black "An old friend"]
[Result "1-0"]
[WhiteCountry "USA"]
[BlackCountry "ENG"]
[WhiteElo "2229"]
[WhiteRD "72"]
[BlackElo "1926"]
[BlackRD "82"]
[GameID "231592"]

1. d4 f5 2. Nf3 Nf6 3. e3 e6 4. Bd3 b6 5. O-O Bb7 6. c4 Bd6 7. Nc3 O-O 8. a3 a5 9. b3 Na6 10. Nb5 Be7
11. Bb2 Ne4 12. Bc2 g5 13. Nd2 Nxd2 14. Qxd2 Rf6 15. d5 Rh6 16. d6 cxd6 17. Nxd6 g4 18. e4 Rh5 19. Qd4
1-0

[Event "Linares - Wimbledon of chess"]
[Site "SchemingMind.com"]
[Date "2010.01.27"]
[Round "-"]
[White "simon_w"]
[Black "Uzi Mike"]
[Result "0-1"]
[WhiteCountry "IRL"]
[BlackCountry "USA"]
[WhiteElo "1912"]
[WhiteRD "83"]
[BlackElo "2243"]
[BlackRD "83"]
[GameID "235953"]

1. e4 e6 2. d4 d5 3. Nd2 Nf6 4. e5 Nfd7 5. Bd3 c5 6. c3 Nc6 7. Ne2 cxd4 8. cxd4 f6 9. exf6 Nxf6 10. O-O Bd6
11. Nf3 O-O 12. Bf4 Bxf4 13. Nxf4 Qc7 14. g3 Qb6 15. Qd2 g6 16. Rfe1 Nxd4 17. Nxd4 Qxd4 18. Rxe6 Ne4 19. Qe2 Rxf4
0-1

[Event "Linares - Wimbledon of chess"]
[Site "SchemingMind.com"]
[Date "2010.01.23"]
[Round "-"]
[White "Naoki_M"]
[Black "klagefall"]
[Result "0-1"]
[WhiteCountry "JPN"]
[BlackCountry "GER"]
[WhiteElo "1627"]
[WhiteRD "80"]
[BlackElo "2042"]
[BlackRD "73"]
[GameID "235954"]

1. e4 e5 2. Nf3 Nc6 3. Nc3 Nf6 4. g3 Bc5 5. Bg2 d6 6. d3 Bg4 7. Be3 Nd4 8. O-O a6 9. Nd5 Nxd5 10. exd5 Qf6
11. Bxd4 Bxd4 12. c3 Bb6 13. b4 O-O 14. a4 Rae8 15. Rc1 Qf5 16. Re1 Qh5 17. c4 f5 18. c5 Ba7 19. Re3 e4 20. dxe4 fxe4
21. Rcc3 Bxf3 22. Bxf3 exf3 23. Qf1 Rxe3 24. Rxe3 dxc5 25. bxc5 Bxc5 26. Rd3 Re8 27. Rd2 Bb4 28. Rd1 Re2 29. d6 cxd6 30. h4 Qe5
31. Kh2 Bc5 32. Kg1 Bxf2+ 33. Qxf2 Rxf2 34. Kxf2 Qe2+
0-1